[Event "Belgrade-chT Quality"]
[Site "Belgrade"]
[Date "2020.10.10"]
[Round "2.3"]
[White "Skaric, Savo"]
[Black "Novakovic, Marko"]
[Result "0-1"]
[WhiteElo "2042"]
[BlackElo "2037"]
[PlyCount "92"]
[EventDate "2020.10.09"]
[EventType "team-tourn"]
[EventRounds "9"]
[EventCountry "SRB"]
[SourceTitle "EXT 2022"]
[Source "ChessBase"]
[SourceDate "2021.10.06"]
[SourceVersion "1"]
[SourceVersionDate "2021.10.06"]
[SourceQuality "1"]
[WhiteTeam "Belgrade Batajnica"]
[BlackTeam "Belgrade Teleoptik"]
[WhiteTeamCountry "SRB"]
[BlackTeamCountry "SRB"]

1. e4 c5 2. Nc3 a6 3. a4 e6 4. Bc4 b6 5. d3 Bb7 6. Nf3 d6 7. 0-0 Nf6 8. Bg5 Be7 9. Qd2 0-0 10. Rae1 Nc6 11. h3 Nd4 12. Nxd4 cxd4 13. Bxf6 Bxf6 14. Nd1 Qd7 15. Bb3 Bc6 16. f4 Bxa4 17. Ba2 Rac8 18. b3 Bb5 19. g4 Bh4 20. Re2 e5 21. c4 Bc6 22. Rg2 exf4 23. Qxf4 h6 24. Nf2 Bg5 25. Qg3 Qe7 26. b4 Qe5 27. Qf3 Bd7 28. Nh1 Be3+ 29. Nf2 Be6 30. g5 Bxg5 31. Ng4 Bxg4 32. Rxg4 Kh8 33. Qg2 Qe7 34. Rf5 Bf6 35. Rh5 Kh7 36. Qf3 g6 37. Rd5 Be5 38. h4 f5 39. Rg2 Qxh4 40. Rxe5 dxe5 41. exf5 Rc7 42. fxg6+ Kg7 43. Qd5 Qe1+ 44. Kh2 Rf5 45. Kh3 Rh5+ 46. Kg4 Rh4+ 0-1

[Event "SRB-chT quality"]
[Site "Belgrade"]
[Date "2010.10.28"]
[Round "8"]
[White "Skaric, Savo"]
[Black "Djurovic, Slobodan"]
[Result "1/2-1/2"]
[WhiteElo "2108"]
[BlackElo "2191"]
[PlyCount "50"]
[EventDate "2010.10.09"]
[EventType "team-tourn"]
[EventRounds "11"]
[EventCountry "YUG"]
[SourceTitle "EXT 2011"]
[Source "ChessBase"]
[SourceDate "2010.11.26"]
[SourceVersion "1"]
[SourceVersionDate "2010.11.26"]
[SourceQuality "1"]

1. e4 e5 2. Bc4 Nc6 3. a3 Nf6 4. d3 Bc5 5. Be3 Bxe3 6. fxe3 d5 7. exd5 Nxd5 8. Qe2 0-0 9. Nd2 Qh4+ 10. g3 Qd8 11. Ngf3 Nb6 12. Ba2 Qe7 13. 0-0 Bg4 14. Ne4 Kh8 15. h3 Bh5 16. g4 Bg6 17. Rf2 Nc8 18. Raf1 Bxe4 19. dxe4 Nd6 20. Nd2 Nd8 21. c3 Ne6 22. Qf3 Ng5 23. Qg2 Ne6 24. Qg3 Nc5 25. Bb1 Rad8 1/2-1/2

[Event "SRB-chT quality"]
[Site "Belgrade"]
[Date "2010.10.24"]
[Round "6"]
[White "Skaric, Savo"]
[Black "Popovic, Andrija"]
[Result "0-1"]
[WhiteElo "2108"]
[BlackElo "2258"]
[PlyCount "74"]
[EventDate "2010.10.09"]
[EventType "team-tourn"]
[EventRounds "11"]
[EventCountry "YUG"]
[SourceTitle "EXT 2011"]
[Source "ChessBase"]
[SourceDate "2010.11.26"]
[SourceVersion "1"]
[SourceVersionDate "2010.11.26"]
[SourceQuality "1"]

1. e4 e5 2. Nc3 Nf6 3. f4 d5 4. exd5 e4 5. d3 Bb4 6. a3 Bxc3+ 7. bxc3 0-0 8. d4 Qxd5 9. Be3 Qa5 10. Qd2 Nc6 11. Bc4 Ne7 12. Ne2 Nf5 13. h3 Nd6 14. Bb3 b6 15. a4 Ba6 16. Kf2 Nc4 17. Bxc4 Bxc4 18. Ra3 Qh5 19. Re1 Qh4+ 20. Kg1 Nd5 21. Raa1 f5 22. Kh2 Rae8 23. Rg1 Re6 24. Raf1 Rg6 25. g3 Qh5 26. Rg2 Rh6 27. h4 Rc6 28. Re1 Bxe2 29. Rexe2 Rxc3 30. Qc1 Rf6 31. Bd2 Rc4 32. c3 a5 33. Qa3 Rfc6 34. Be1 Qf7 35. g4 Nxf4 36. Ref2 Nxg2 37. Rxf5 Rf6 0-1

[Event "SRB-chT quality"]
[Site "Belgrade"]
[Date "2010.10.10"]
[Round "2"]
[White "Skaric, Savo"]
[Black "Ugrcic, Zoran"]
[Result "1/2-1/2"]
[WhiteElo "2108"]
[BlackElo "2066"]
[PlyCount "29"]
[EventDate "2010.10.09"]
[EventType "team-tourn"]
[EventRounds "11"]
[EventCountry "YUG"]
[SourceTitle "EXT 2011"]
[Source "ChessBase"]
[SourceDate "2010.11.26"]
[SourceVersion "1"]
[SourceVersionDate "2010.11.26"]
[SourceQuality "1"]

1. e4 e6 2. Nc3 d5 3. exd5 exd5 4. d4 Nf6 5. Nf3 Be7 6. Bd3 0-0 7. 0-0 Bg4 8. h3 Bxf3 9. Qxf3 c6 10. Bf4 Nbd7 11. Rae1 Re8 12. Ne2 Qb6 13. b3 a5 14. a4 Nf8 15. Ng3 1/2-1/2